000 00730nam a2200289Ia 4500
005 20260324111959.0
008 008 260324s9999 xx 000 0 eng d
020 _a9781003589389
037 _aEBOOK
040 _aCRL
040 _beng
040 _cCRL
041 _2eng
041 _aeng
084 _qCRL
100 _aKai-Tai Fang; Huajun Ye; Yongdao Zhou
_91140810
245 0 _aRepresentative Points of Statistical Distributions
245 0 _bApplications in Statistical Inference
260 _bTaylor and Francis
260 _c2025
365 _a
365 _b260
856 _uhttp://www.taylorfrancis.com/books/9781003589389
942 _cEBOOK
999 _c1729827
_d1729827